Možnosti optimalizácie kapitálovej štruktúry na základe kritéria minimalizácie nákladov vlastného kapitálu

Klasická teória kapitálovej štruktúry - jej podstata. Rôzne modely na výpočet nákladov vlastného kapitálu.

Uložené v:
Podrobná bibliografia
Hlavný autor: Kanderová, Mária
Médium: Kapitola
Jazyk:Slovak
Predmet:
Tagy: Pridať tag
Žiadne tagy, Buďte prvý, kto otaguje tento záznam!

MARC

LEADER 00000naa a2200000 4500
001 r048297
005 20231002115920.3
041 0 |a slo 
044 |a SK 
245 1 0 |a Možnosti optimalizácie kapitálovej štruktúry na základe kritéria minimalizácie nákladov vlastného kapitálu  |c Mária Kanderová 
520 |a Klasická teória kapitálovej štruktúry - jej podstata. Rôzne modely na výpočet nákladov vlastného kapitálu. 
610 2 0 |a štruktúra kapitálová 
610 2 0 |a kapitál vlastný 
610 2 0 |a náklady 
610 2 0 |a optimalizácia 
610 2 0 |a podnik 
100 1 |a Kanderová, Mária